00466nam a2200169Ia 4500003000900000005001700009008004100026040003100067040001300098041000800111100000800119245007000127260002000197300002000217490004600237520001300283IT-RoPAU20220918175755.0120407s9999 xx 000 0 und d aIT-RoPAUc20140322111248.0 cIT-RoPAU aita aFSP aCostituzioni e Direttorio della Pia Società Figlie di S. Paolo  c1972aAlbabFSP a223 p.c16,5 cm v1aCapitolo Generale Speciale 1969 - 1971 aIndice